The Representation of the Great War on Lithuanian Cinema Screens, 1918-1940
| Titel: | The Representation of the Great War on Lithuanian Cinema Screens, 1918-1940 / Audrius Dambrauskas |
|---|---|
| Verfasser: | |
| In: |
The Great War in Lithuania and Lithuanians in the Great War: experiences and memories, (2017), Seite 125-146 alle Artikel anzeigen |
| Veröffentlicht: | 2017 |
| Format: | Aufsatz |
| Sprache: | Englisch |
X
alg: 43800320 001A $03025:26-10-18 001B $01999:26-10-18 $t23:04:20.000 001D $03025:26-10-18 001U $0utf8 001X $00 002@ $0Aou 002C $aText $btxt $2rdacontent 002D $aohne Hilfsmittel zu benutzen $bn $2rdamedia 002E $aBand $bnc $2rdacarrier 003@ $0438003209 007A $0438003209 $aHEB 010@ $aeng 010E $erda 011@ $a2017 021A $aThe @Representation of the Great War on Lithuanian Cinema Screens, 1918-1940 $hAudrius Dambrauskas 028A $BVerfasser $4aut $7 $8Dambrauskas, Audrius [Tnu] $9438003063 031A $g22 $h125-146 $j2017 039B $aEnthalten in $8--Aau--. The @Great War in Lithuania and Lithuanians in the Great War: experiences and memories. - Klaipėda : Klaipėdos universiteto leidykla, 2017. - 238 Seiten $x201700000000000875 $9434658367 044K $RLitovskaja Gubernija $RLitauische Sozialistische Sowjetrepublik $#Litauen $#Litauen $#Lithuania $#Lietuvos Respublika $#République Lithuanienne $#Lithuanie $#Litva 1918 - 1940, 1991, 9 - $#Litovskaja Respublika $#Lithuania 1918 - 1940, 1991, 9 - $#Republik Litauen $#Republic of Lithuania $#Lithuanian Republic $#Litauische Republik $#Lietuva $74074266-0 $8Litauen [Tg1] $9085209074 044K $RWeltgeschichte $RWeltkrieg $#World War, 1914-1918 $#Guerre mondiale (1914-1918) $#Erster Weltkrieg $#1. Weltkrieg $74079163-4 $8Weltkrieg$g1914-1918 [Ts1] $9085224588 044K $RTheaterbau $#Motion picture theaters $#Cinémas $#Sale cinematografiche $#Cines $#Kino $#Kino $#Filmtheater $#Lichtspielhaus $#Lichtspieltheater $74129654-0 $8Kino [Ts1] $9085455180 044K $RDokumentarfilm $#Newsreels $#Films d'actualité $#Cinegiornali $#Documentales de actualidad $74190144-7 $8Wochenschau [Ts1] $9085941387 044K $RBeeinflussung $RIndoktrination $#Propaganda $#Propagande $#Propaganda $#Propaganda $#Propaganda $#Politische Propaganda $74076374-2 $8Propaganda [Ts1] $9085216534 044K $RPazifist $RFriedfertigkeit $RFriedensbewegung $RFriedensidee $RAntimilitarismus $#Pacifism $#Pacifisme $#Pacifismo $#Pacifismo $#Pazifismus $74075961-1 $8Pazifismus [Ts1] $9085215449 044K $RPolitische Identität $RGeschichtsbild $RGeschichtsdenken $#Conscience historique $#Geschichtsbewusstsein $#Historisches Bewusstsein $#Geschichtsverständnis Geschichtsbewusstsein $#Geschichtskultur $74020526-5 $8Geschichtsbewusstsein [Ts1] $9085049387 044K $RAntimilitarismus $#Militarism $#Militarisme $#Militarismo $#Militarisierung $#Militarismus $#Militarisierung $74039356-2 $8Militarismus [Ts1] $9085107247 045F $a791.409479309041 $eDDC23BSB 045F/01 $a791.409 045F/03 $f09041 045F/03 $g4793 045R $aGeschichte 1918-1940 046L $aLitauische Zusammenfassung unter dem Titel: Didžiojo karo reprezentavimas Lietuvos kino ekranuose 1918-1940 metais lok: 43800320 78 exp: 43800320 78 1 #EPN 201B/01 $026-10-18 $t09:51:38.000 201C/01 $026-10-18 201U/01 $0utf8 203@/01 $01031330127 208@/01 $a26-10-18 $be 209A/01 $a/ $f000 $x00 209A/01 $ab*p $x01 220C/01 $akoe 247C/01 $82080>Marburg/Lahn, Herder-Institut, Forschungsbibliothek, Bibliographieportal $9336309341
| LEADER | 00000caa a2200000 c 4500 | ||
|---|---|---|---|
| 001 | 438003209 | ||
| 003 | DE-603 | ||
| 005 | 20181026230420.0 | ||
| 007 | tu | ||
| 008 | 181026s2017 xx |||| | u00||u|eng c | ||
| 035 | |a (DE-599)HEB438003209 | ||
| 040 | |a DE-603 |b ger |c DE-603 |d DE-603 |e rda | ||
| 041 | |a eng | ||
| 082 | 0 | 4 | |8 1\u |a 791.409479309041 |q DE-101 |2 23/BSB |
| 085 | |8 1\u |b 791.409 | ||
| 085 | |8 1\u |z 1 |s 09041 | ||
| 085 | |8 1\u |z 2 |s 4793 | ||
| 100 | 1 | |a Dambrauskas, Audrius |e Verfasser |4 aut |0 (DE-603)438003063 | |
| 245 | 0 | 0 | |a The Representation of the Great War on Lithuanian Cinema Screens, 1918-1940 |c Audrius Dambrauskas |
| 264 | 0 | |c 2017 | |
| 336 | |a Text |b txt |2 rdacontent | ||
| 337 | |a ohne Hilfsmittel zu benutzen |b n |2 rdamedia | ||
| 338 | |a Band |b nc |2 rdacarrier | ||
| 546 | |a Litauische Zusammenfassung unter dem Titel: Didžiojo karo reprezentavimas Lietuvos kino ekranuose 1918-1940 metais | ||
| 648 | 7 | |a Geschichte 1918-1940 |2 gnd | |
| 650 | 7 | |a Weltkrieg |g 1914-1918 |0 (DE-588)4079163-4 |0 (DE-603)085224588 |2 gnd | |
| 650 | 7 | |a Kino |0 (DE-588)4129654-0 |0 (DE-603)085455180 |2 gnd | |
| 650 | 7 | |a Wochenschau |0 (DE-588)4190144-7 |0 (DE-603)085941387 |2 gnd | |
| 650 | 7 | |a Propaganda |0 (DE-588)4076374-2 |0 (DE-603)085216534 |2 gnd | |
| 650 | 7 | |a Pazifismus |0 (DE-588)4075961-1 |0 (DE-603)085215449 |2 gnd | |
| 650 | 7 | |a Geschichtsbewusstsein |0 (DE-588)4020526-5 |0 (DE-603)085049387 |2 gnd | |
| 650 | 7 | |a Militarismus |0 (DE-588)4039356-2 |0 (DE-603)085107247 |2 gnd | |
| 651 | 7 | |a Litauen |0 (DE-588)4074266-0 |0 (DE-603)085209074 |2 gnd | |
| 773 | 0 | 8 | |i Enthalten in |t The Great War in Lithuania and Lithuanians in the Great War: experiences and memories |d Klaipėda : Klaipėdos universiteto leidykla, 2017 |h 238 Seiten |g (2017), Seite 125-146 |w (DE-603)434658367 |
| 924 | 0 | |9 2080 |a (DE-603)1031330127 |b DE-2080 |c HES |d d |g / | |


